[Event "V4Liptov2018"]
[Site "?"]
[Date "2018.06.23"]
[Round "1.8"]
[White "Fizerova, Lucie"]
[Black "Gresova, Zuzana"]
[Result "0-1"]
[BlackElo "1920"]
[WhiteElo "1598"]
[LiveChessVersion "1.4.8"]

1. e4 {[%clk 1:00:57]} c5 {[%clk 1:00:53]} 2. b4 {[%clk 1:01:22]} cxb4
{[%clk 0:59:33]} 3. a3 {[%clk 1:01:43]} e5 {[%clk 0:56:28]} 4. Nf3
{[%clk 1:01:20]} Nc6 {[%clk 0:55:54]} 5. axb4 {[%clk 1:00:29]} Bxb4
{[%clk 0:55:13]} 6. c3 {[%clk 0:58:39]} Be7 {[%clk 0:52:07]} 7. d4
{[%clk 0:58:23]} d6 {[%clk 0:44:14]} 8. Bb5 {[%clk 0:57:52]} exd4
{[%clk 0:43:09]} 9. cxd4 {[%clk 0:58:10]} Bd7 {[%clk 0:42:37]} 10. O-O
{[%clk 0:57:42]} Nf6 {[%clk 0:40:49]} 11. Nc3 {[%clk 0:57:37]} O-O
{[%clk 0:38:56]} 12. h3 {[%clk 0:55:51]} a6 {[%clk 0:36:39]} 13. Ba4
{[%clk 0:55:33]} Rc8 {[%clk 0:33:42]} 14. Bb2 {[%clk 0:55:06]} b5
{[%clk 0:26:01]} 15. Bc2 {[%clk 0:55:27]} Nb4 {[%clk 0:25:25]} 16. Bb3
{[%clk 0:54:26]} a5 {[%clk 0:22:01]} 17. e5 {[%clk 0:54:29]} Ne8 {[%clk 0:21:16]}
18. Re1 {[%clk 0:52:46]} a4 {[%clk 0:20:25]} 19. Bxf7+ {[%clk 0:51:38]} Rxf7
{[%clk 0:19:45]} 20. e6 {[%clk 0:51:55]} Bxe6 {[%clk 0:19:11]} 21. Rxe6
{[%clk 0:52:13]} Nc7 {[%clk 0:19:27]} 22. Re3 {[%clk 0:51:45]} Ncd5
{[%clk 0:19:26]} 23. Nxd5 {[%clk 0:50:37]} Nxd5 {[%clk 0:19:49]} 24. Re1
{[%clk 0:49:40]} Qd7 {[%clk 0:17:09]} 25. Qd2 {[%clk 0:43:38]} b4
{[%clk 0:15:44]} 26. Qd3 {[%clk 0:37:04]} Nf4 {[%clk 0:14:30]} 27. Qe4
{[%clk 0:36:40]} d5 {[%clk 0:12:54]} 28. Qe3 {[%clk 0:35:27]} a3 {[%clk 0:11:36]}
29. Ne5 {[%clk 0:30:16]} Qf5 {[%clk 0:09:06]} 30. Nxf7 {[%clk 0:29:29]} axb2
{[%clk 0:08:41]} 31. Rab1 {[%clk 0:29:47]} Qxf7 {[%clk 0:08:14]} 32. Rxb2
{[%clk 0:29:30]} Bd6 {[%clk 0:08:03]} 33. Rb3 {[%clk 0:17:09]} h6
{[%clk 0:04:23]} 34. Qd2 {[%clk 0:14:50]} Qf5 {[%clk 0:03:42]} 35. Rf3
{[%clk 0:13:11]} Rc2 {[%clk 0:03:15]} 36. Qe3 {[%clk 0:13:24]} Kh7
{[%clk 0:03:06]} 37. Kh2 {[%clk 0:12:27]} Qg6 {[%clk 0:02:47]} 38. g3
{[%clk 0:11:51]} Rc3 {[%clk 0:02:36]} 39. gxf4 {[%clk 0:10:43]} Rxe3
{[%clk 0:02:50]} 40. Rexe3 {[%clk 0:11:10]} Qg5 {[%clk 0:02:34]} 41. Re1
{[%clk 0:07:16]} Bxf4+ {[%clk 0:02:47]} 42. Kh1 {[%clk 0:07:34]} Bd2
{[%clk 0:02:36]} 43. Rg1 {[%clk 0:07:52]} Qh5 {[%clk 0:02:34]} 44. Rfg3
{[%clk 0:07:57]} g6 {[%clk 0:02:31]} 45. Rd3 {[%clk 0:06:18]} Bc3
{[%clk 0:02:39]} 46. Re3 {[%clk 0:06:11]} Bxd4 {[%clk 0:02:19]} 47. Rd3
{[%clk 0:05:39]} Qe5 {[%clk 0:02:14]} 48. Rf3 {[%clk 0:05:19]} Qe4
{[%clk 0:02:21]} 49. Kg2 {[%clk 0:05:32]} b3 {[%clk 0:02:05]} 50. Rc1
{[%clk 0:05:26]} b2 {[%clk 0:01:52]} 51. Rc7+ {[%clk 0:05:47]} Bg7
{[%clk 0:02:13]} 52. Rb7 {[%clk 0:05:28]} b1=Q {[%clk 0:02:25]} 53. Rxb1
{[%clk 0:05:49]} Qxb1 {[%clk 0:02:48]} 54. Rg3 {[%clk 0:05:43]} d4
{[%clk 0:02:53]} 55. Kf3 {[%clk 0:04:58]} d3 {[%clk 0:03:02]} 56. Ke3
{[%clk 0:05:17]} Qc2 {[%clk 0:03:16]} 57. Kf3 {[%clk 0:05:04]} d2
{[%clk 0:03:11]} 58. Rg1 {[%clk 0:05:25]} Qd3+ {[%clk 0:03:00]} 59. Kg2
{[%clk 0:05:41]} d1=Q {[%clk 0:03:03]} 60. Rxd1 {[%clk 0:06:06]} Qxd1
{[%clk 0:03:25]} 0-1

[Event "V4Liptov2018"]
[Site "?"]
[Date "2018.06.23"]
[Round "1.9"]
[White "Galuszka, Tomasz"]
[Black "Bango, Lukas"]
[Result "0-1"]
[BlackElo "2130"]
[WhiteElo "1991"]
[LiveChessVersion "1.4.8"]

1. e4 {[%clk 1:00:58]} c5 {[%clk 1:00:57]} 2. Nf3 {[%clk 1:01:21]} g6
{[%clk 1:01:23]} 3. g3 {[%clk 1:01:46]} Bg7 {[%clk 1:01:49]} 4. Bg2
{[%clk 1:02:12]} Nf6 {[%clk 1:02:12]} 5. d3 {[%clk 1:02:36]} O-O {[%clk 1:02:35]}
6. O-O {[%clk 1:03:01]} Nc6 {[%clk 1:02:58]} 7. Nbd2 {[%clk 1:03:21]} d6
{[%clk 1:02:30]} 8. h3 {[%clk 1:03:45]} Rb8 {[%clk 1:02:56]} 9. a4
{[%clk 1:04:10]} a6 {[%clk 1:03:20]} 10. Nc4 {[%clk 1:02:44]} b5 {[%clk 1:03:16]}
11. axb5 {[%clk 1:03:09]} axb5 {[%clk 1:03:44]} 12. Ne3 {[%clk 1:03:28]} Be6
{[%clk 1:01:37]} 13. Ng5 {[%clk 0:59:28]} Qb6 {[%clk 0:59:16]} 14. f4
{[%clk 0:58:30]} c4 {[%clk 0:55:16]} 15. Kh2 {[%clk 0:57:13]} cxd3
{[%clk 0:54:28]} 16. cxd3 {[%clk 0:54:31]} Nd4 {[%clk 0:54:06]} 17. Nxe6
{[%clk 0:54:56]} fxe6 {[%clk 0:54:24]} 18. f5 {[%clk 0:49:31]} exf5
{[%clk 0:54:02]} 19. exf5 {[%clk 0:43:37]} gxf5 {[%clk 0:54:29]} 20. Nxf5
{[%clk 0:43:16]} Nxf5 {[%clk 0:54:53]} 21. Rxf5 {[%clk 0:43:41]} e6
{[%clk 0:55:16]} 22. Rf4 {[%clk 0:43:18]} Nd5 {[%clk 0:52:26]} 23. Rh4
{[%clk 0:34:20]} Rf2 {[%clk 0:49:43]} 24. Qh5 {[%clk 0:33:40]} Nf6
{[%clk 0:50:06]} 25. Qg5 {[%clk 0:33:18]} Qc6 {[%clk 0:50:14]} 0-1

[Event "V4Liptov2018"]
[Site "?"]
[Date "2018.06.23"]
[Round "1.10"]
[White "Slaba, Andrea"]
[Black "Sulkowski, Dawid"]
[Result "1-0"]
[BlackElo "1501"]
[WhiteElo "1936"]
[LiveChessVersion "1.4.8"]

1. Nf3 {[%clk 1:00:56]} d5 {[%clk 1:00:48]} 2. g3 {[%clk 1:01:21]} Nf6
{[%clk 1:01:05]} 3. Bg2 {[%clk 1:01:46]} c5 {[%clk 1:01:22]} 4. O-O
{[%clk 1:02:04]} e6 {[%clk 1:01:44]} 5. d4 {[%clk 1:02:14]} Be7 {[%clk 1:01:21]}
6. b3 {[%clk 1:02:01]} Nc6 {[%clk 1:01:24]} 7. Bb2 {[%clk 1:02:18]} O-O
{[%clk 1:01:39]} 8. Nbd2 {[%clk 1:01:30]} Rb8 {[%clk 0:58:12]} 9. dxc5
{[%clk 0:59:52]} Bxc5 {[%clk 0:58:28]} 10. Ne5 {[%clk 0:59:20]} Nxe5
{[%clk 0:52:17]} 11. Bxe5 {[%clk 0:59:45]} Bd6 {[%clk 0:52:41]} 12. Bd4
{[%clk 0:58:29]} b6 {[%clk 0:52:52]} 13. e4 {[%clk 0:53:03]} Nxe4
{[%clk 0:49:44]} 14. Nxe4 {[%clk 0:53:26]} dxe4 {[%clk 0:50:08]} 15. Bxe4
{[%clk 0:53:53]} Bb7 {[%clk 0:47:03]} 16. Bxb7 {[%clk 0:49:02]} Rxb7
{[%clk 0:44:49]} 17. Qf3 {[%clk 0:47:16]} Rd7 {[%clk 0:40:33]} 18. Be3
{[%clk 0:46:45]} Qc7 {[%clk 0:35:23]} 19. c4 {[%clk 0:45:29]} Be5
{[%clk 0:33:28]} 20. Rad1 {[%clk 0:45:29]} Rfd8 {[%clk 0:32:15]} 21. Rxd7
{[%clk 0:45:35]} Qxd7 {[%clk 0:31:47]} 22. Qe4 {[%clk 0:42:41]} Qd6
{[%clk 0:30:37]} 23. Qc2 {[%clk 0:41:00]} Qd3 {[%clk 0:26:50]} 24. Rc1
{[%clk 0:39:46]} Qxc2 {[%clk 0:17:40]} 25. Rxc2 {[%clk 0:40:14]} Rd1+
{[%clk 0:16:22]} 26. Kg2 {[%clk 0:40:36]} Bd4 {[%clk 0:16:30]} 27. Bxd4
{[%clk 0:40:39]} Rxd4 {[%clk 0:16:58]} 28. c5 {[%clk 0:40:37]} bxc5
{[%clk 0:17:02]} 29. Rxc5 {[%clk 0:41:01]} g6 {[%clk 0:16:59]} 30. Kf3
{[%clk 0:40:09]} Kg7 {[%clk 0:16:45]} 31. Ke3 {[%clk 0:39:45]} Rd6
{[%clk 0:16:12]} 32. Ra5 {[%clk 0:38:54]} a6 {[%clk 0:16:33]} 33. Rc5
{[%clk 0:38:30]} Kf6 {[%clk 0:14:54]} 34. b4 {[%clk 0:38:30]} Rb6
{[%clk 0:10:23]} 35. a3 {[%clk 0:38:54]} h5 {[%clk 0:10:30]} 36. Kd4
{[%clk 0:38:57]} Rd6+ {[%clk 0:09:48]} 37. Kc3 {[%clk 0:36:51]} e5
{[%clk 0:09:32]} 38. a4 {[%clk 0:36:54]} Kf5 {[%clk 0:09:34]} 39. b5
{[%clk 0:36:06]} axb5 {[%clk 0:09:06]} 40. axb5 {[%clk 0:36:31]} f6
{[%clk 0:08:30]} 41. Rc4 {[%clk 0:35:51]} g5 {[%clk 0:07:27]} 42. Rb4
{[%clk 0:35:31]} Rb6 {[%clk 0:06:03]} 43. Kc4 {[%clk 0:35:25]} Ke6
{[%clk 0:06:15]} 44. Kc5 {[%clk 0:34:46]} Rb8 {[%clk 0:06:25]} 45. Rb2
{[%clk 0:33:37]} Kd7 {[%clk 0:04:53]} 46. b6 {[%clk 0:33:29]} Rb7
{[%clk 0:03:41]} 47. Rd2+ {[%clk 0:33:44]} Kc8 {[%clk 0:03:09]} 48. Kc6
{[%clk 0:33:54]} Re7 {[%clk 0:02:55]} 49. Rd6 {[%clk 0:33:55]} f5
{[%clk 0:02:23]} 50. Rh6 {[%clk 0:34:00]} Re8 {[%clk 0:02:32]} 51. Rxh5
{[%clk 0:33:52]} Re6+ {[%clk 0:02:46]} 52. Kd5 {[%clk 0:33:47]} Rxb6
{[%clk 0:03:04]} 53. Kxe5 {[%clk 0:33:58]} Rb2 {[%clk 0:02:02]} 54. Kxf5
{[%clk 0:34:12]} Rxf2+ {[%clk 0:02:18]} 55. Kxg5 {[%clk 0:34:37]} Rg2
{[%clk 0:02:11]} 56. g4 {[%clk 0:34:49]} Kd7 {[%clk 0:02:34]} 57. h4
{[%clk 0:34:44]} Ke6 {[%clk 0:02:43]} 58. Rh6+ {[%clk 0:35:09]} Kf7
{[%clk 0:03:06]} 59. h5 {[%clk 0:35:15]} Kg7 {[%clk 0:03:05]} 60. Ra6
{[%clk 0:35:39]} Rb2 {[%clk 0:03:01]} 61. Ra7+ {[%clk 0:35:27]} Kh8
{[%clk 0:02:17]} 62. h6 {[%clk 0:35:30]} Rb5+ {[%clk 0:02:35]} 63. Kg6
{[%clk 0:35:36]} Rb6+ {[%clk 0:02:58]} 64. Kh5 {[%clk 0:36:02]} Rb5+
{[%clk 0:03:20]} 65. g5 {[%clk 0:36:20]} Rc5 {[%clk 0:02:09]} 66. Rf7
{[%clk 0:34:52]} Ra5 {[%clk 0:01:42]} 67. Kg6 {[%clk 0:34:53]} Ra6+
{[%clk 0:02:06]} 68. Rf6 {[%clk 0:35:12]} Ra8 {[%clk 0:02:23]} 69. Rf5
{[%clk 0:34:23]} Ra6+ {[%clk 0:02:23]} 70. Kh5 {[%clk 0:34:39]} Rb6
{[%clk 0:01:45]} 71. g6 {[%clk 0:34:40]} Rb8 {[%clk 0:02:00]} 72. h7
{[%clk 0:34:19]} Kg7 {[%clk 0:01:29]} 73. Rf7+ {[%clk 0:34:33]} Kh8
{[%clk 0:01:51]} 74. Kh6 {[%clk 0:34:50]} 1-0

[Event "V4Liptov2018"]
[Site "?"]
[Date "2018.06.23"]
[Round "1.11"]
[White "Adamczyk, Zuzanna"]
[Black "Bango, Dominik"]
[Result "1/2-1/2"]
[BlackElo "1861"]
[WhiteElo "1750"]
[LiveChessVersion "1.4.8"]

1. e4 {[%clk 1:00:48]} e5 {[%clk 1:00:52]} 2. Nf3 {[%clk 1:01:06]} Nc6
{[%clk 1:01:10]} 3. d4 {[%clk 1:01:06]} exd4 {[%clk 1:01:28]} 4. Nxd4
{[%clk 1:01:19]} Bc5 {[%clk 1:01:46]} 5. Be3 {[%clk 1:01:06]} Bxd4
{[%clk 0:59:42]} 6. Bxd4 {[%clk 1:00:40]} Nxd4 {[%clk 0:59:58]} 7. Qxd4
{[%clk 1:00:48]} Qf6 {[%clk 1:00:11]} 8. e5 {[%clk 0:52:26]} Qb6 {[%clk 0:59:02]}
9. Qxb6 {[%clk 0:49:49]} axb6 {[%clk 0:59:25]} 10. c4 {[%clk 0:43:09]} Ne7
{[%clk 0:55:48]} 11. Nc3 {[%clk 0:40:49]} c6 {[%clk 0:50:15]} 12. Bd3
{[%clk 0:39:35]} Ng6 {[%clk 0:46:36]} 13. O-O {[%clk 0:34:42]} O-O
{[%clk 0:43:40]} 14. f4 {[%clk 0:33:33]} f6 {[%clk 0:40:10]} 15. Bxg6
{[%clk 0:30:10]} hxg6 {[%clk 0:40:36]} 16. Rfe1 {[%clk 0:21:55]} Ra5
{[%clk 0:23:33]} 17. Re2 {[%clk 0:20:14]} g5 {[%clk 0:12:18]} 18. g3
{[%clk 0:17:30]} gxf4 {[%clk 0:12:44]} 19. gxf4 {[%clk 0:17:52]} fxe5
{[%clk 0:13:09]} 20. fxe5 {[%clk 0:18:02]} Rf4 {[%clk 0:13:25]} 21. b3
{[%clk 0:15:10]} d6 {[%clk 0:13:26]} 22. exd6 {[%clk 0:09:44]} Rg5+
{[%clk 0:13:48]} 23. Rg2 {[%clk 0:09:42]} Rxg2+ {[%clk 0:13:51]} 24. Kxg2
{[%clk 0:10:10]} Rd4 {[%clk 0:14:10]} 25. Re1 {[%clk 0:09:14]} Kf8
{[%clk 0:14:25]} 26. Na4 {[%clk 0:05:30]} Rxd6 {[%clk 0:13:06]} 27. Nxb6
{[%clk 0:05:47]} Bf5 {[%clk 0:12:10]} 28. Rf1 {[%clk 0:04:45]} Rd2+
{[%clk 0:12:17]} 29. Rf2 {[%clk 0:04:19]} Rxf2+ {[%clk 0:12:16]} 30. Kxf2
{[%clk 0:04:43]} Bb1 {[%clk 0:12:43]} 31. a4 {[%clk 0:04:16]} Ke7
{[%clk 0:12:56]} 32. b4 {[%clk 0:04:22]} Ba2 {[%clk 0:12:15]} 33. Ke3
{[%clk 0:04:11]} Kf6 {[%clk 0:11:00]} 34. a5 {[%clk 0:02:15]} Kf5
{[%clk 0:11:06]} 35. b5 {[%clk 0:02:22]} cxb5 {[%clk 0:11:17]} 36. cxb5
{[%clk 0:02:48]} Bb1 {[%clk 0:09:52]} 37. a6 {[%clk 0:01:56]} bxa6
{[%clk 0:10:19]} 38. bxa6 {[%clk 0:02:20]} Be4 {[%clk 0:10:40]} 39. a7
{[%clk 0:01:25]} Bc6 {[%clk 0:10:26]} 40. Kf2 {[%clk 0:01:09]} Kg4
{[%clk 0:10:41]} 41. Kg1 {[%clk 0:00:42]} Kh3 {[%clk 0:11:01]} 42. Nc4
{[%clk 0:00:46]} g5 {[%clk 0:10:01]} 43. Ne5 {[%clk 0:00:48]} Ba8
{[%clk 0:10:07]} 44. Nc4 {[%clk 0:00:51]} 1/2-1/2

[Event "V4Liptov2018"]
[Site "?"]
[Date "2018.06.23"]
[Round "1.12"]
[White "Kramar, Matus"]
[Black "Zniszczol, Wiktoria"]
[Result "1/2-1/2"]
[BlackElo "1546"]
[WhiteElo "1680"]
[LiveChessVersion "1.4.8"]

1. e4 {[%clk 1:00:54]} e5 {[%clk 1:00:53]} 2. Nf3 {[%clk 1:01:02]} d6
{[%clk 1:01:07]} 3. h3 {[%clk 1:00:33]} Nf6 {[%clk 1:01:22]} 4. Nc3
{[%clk 0:59:44]} Nbd7 {[%clk 1:01:21]} 5. Bc4 {[%clk 0:59:18]} Be7
{[%clk 1:01:38]} 6. d3 {[%clk 0:55:20]} O-O {[%clk 0:59:40]} 7. O-O
{[%clk 0:54:31]} c6 {[%clk 0:59:02]} 8. Be3 {[%clk 0:52:36]} b5 {[%clk 0:56:32]}
9. Bb3 {[%clk 0:49:51]} a5 {[%clk 0:56:22]} 10. a3 {[%clk 0:44:02]} Bb7
{[%clk 0:51:18]} 11. Qd2 {[%clk 0:37:25]} Rb8 {[%clk 0:46:23]} 12. Ne2
{[%clk 0:33:28]} d5 {[%clk 0:42:50]} 13. exd5 {[%clk 0:31:45]} cxd5
{[%clk 0:42:56]} 14. c3 {[%clk 0:26:36]} Qc7 {[%clk 0:29:54]} 15. Bc2
{[%clk 0:24:25]} Ne8 {[%clk 0:26:43]} 16. Nh2 {[%clk 0:19:38]} f5
{[%clk 0:20:02]} 17. f4 {[%clk 0:18:21]} e4 {[%clk 0:18:43]} 18. Nd4
{[%clk 0:17:27]} Ba8 {[%clk 0:18:33]} 19. Ne6 {[%clk 0:16:48]} Qc6
{[%clk 0:16:04]} 20. Nxf8 {[%clk 0:16:43]} Kxf8 {[%clk 0:14:56]} 21. dxe4
{[%clk 0:14:35]} dxe4 {[%clk 0:15:00]} 22. b4 {[%clk 0:13:26]} a4
{[%clk 0:14:23]} 23. Bb1 {[%clk 0:11:46]} Nb6 {[%clk 0:13:23]} 24. Ba2
{[%clk 0:11:45]} Rd8 {[%clk 0:13:23]} 25. Qf2 {[%clk 0:11:27]} Nc4
{[%clk 0:12:51]} 26. Bxc4 {[%clk 0:11:39]} Qxc4 {[%clk 0:13:02]} 27. Bd4
{[%clk 0:11:25]} Nd6 {[%clk 0:11:30]} 28. Rfd1 {[%clk 0:09:59]} Qc6
{[%clk 0:09:50]} 29. Nf1 Nc4 {[%clk 0:09:44]} 30. Ne3 {[%clk 0:09:15]} g6
{[%clk 0:09:46]} 31. Nxc4 {[%clk 0:08:41]} Qxc4 {[%clk 0:10:06]} 32. Bc5
{[%clk 0:07:56]} Rxd1+ {[%clk 0:08:16]} 33. Rxd1 {[%clk 0:08:25]} Bd5
{[%clk 0:05:32]} 34. Bxe7+ {[%clk 0:08:11]} Kxe7 {[%clk 0:05:27]} 35. Qa7+
{[%clk 0:06:50]} Kf6 {[%clk 0:04:55]} 36. Qb6+ {[%clk 0:06:24]} Kg7
{[%clk 0:03:14]} 37. Qd6 {[%clk 0:04:50]} Be6 {[%clk 0:03:35]} 38. Qe7+
{[%clk 0:04:28]} Bf7 {[%clk 0:02:29]} 39. Qe5+ {[%clk 0:03:01]} Kh6
{[%clk 0:02:44]} 40. Qd4 {[%clk 0:02:51]} Qxd4+ {[%clk 0:02:10]} 41. Rxd4
{[%clk 0:03:05]} Kg7 {[%clk 0:02:14]} 42. Kf2 {[%clk 0:03:10]} Be6
{[%clk 0:01:03]} 43. Ke3 {[%clk 0:03:28]} Kf7 {[%clk 0:01:25]} 44. Rd6
{[%clk 0:03:05]} Ke7 {[%clk 0:00:54]} 45. Rb6 {[%clk 0:03:10]} Bd7
{[%clk 0:01:06]} 46. Rb8 {[%clk 0:02:55]} h5 {[%clk 0:01:12]} 47. Rg8
{[%clk 0:02:30]} Be8 {[%clk 0:01:23]} 48. Rh8 {[%clk 0:01:53]} 1/2-1/2

[Event "V4Liptov2018"]
[Site "?"]
[Date "2018.06.23"]
[Round "1.13"]
[White "Durica, Adam"]
[Black "Chwistek, Karel"]
[Result "1-0"]
[BlackElo "2045"]
[WhiteElo "1950"]
[LiveChessVersion "1.4.8"]

1. Nf3 {[%clk 1:00:56]} g6 {[%clk 1:00:33]} 2. g3 {[%clk 1:00:44]} Bg7
{[%clk 1:00:54]} 3. Bg2 {[%clk 1:01:03]} Nf6 {[%clk 0:59:24]} 4. O-O
{[%clk 1:01:08]} O-O {[%clk 0:59:49]} 5. d3 {[%clk 1:01:17]} d5 {[%clk 0:58:48]}
6. Nbd2 {[%clk 1:00:38]} b6 {[%clk 0:55:27]} 7. Re1 {[%clk 0:59:11]} Bb7
{[%clk 0:54:59]} 8. Nf1 {[%clk 0:57:36]} c5 {[%clk 0:52:25]} 9. N3d2
{[%clk 0:57:16]} e6 {[%clk 0:51:47]} 10. e4 {[%clk 0:57:02]} Nc6 {[%clk 0:47:23]}
11. e5 {[%clk 0:53:24]} Nd7 {[%clk 0:46:22]} 12. f4 {[%clk 0:53:31]} b5
{[%clk 0:46:21]} 13. c4 {[%clk 0:51:32]} bxc4 {[%clk 0:44:15]} 14. dxc4
{[%clk 0:50:34]} Nb6 {[%clk 0:43:33]} 15. b3 {[%clk 0:44:50]} Nb4
{[%clk 0:34:30]} 16. a3 {[%clk 0:43:38]} Nd3 {[%clk 0:33:05]} 17. Re3
{[%clk 0:43:59]} Nxc1 {[%clk 0:32:55]} 18. Rxc1 {[%clk 0:44:12]} d4
{[%clk 0:32:11]} 19. Rd3 {[%clk 0:43:56]} Bxg2 {[%clk 0:31:27]} 20. Kxg2
{[%clk 0:44:18]} a5 {[%clk 0:30:04]} 21. Ne4 {[%clk 0:44:10]} Qc7
{[%clk 0:29:29]} 22. Qf3 {[%clk 0:43:17]} Nd7 {[%clk 0:28:43]} 23. Rdd1
{[%clk 0:38:58]} f6 {[%clk 0:26:13]} 24. exf6 {[%clk 0:38:35]} Bxf6
{[%clk 0:26:38]} 25. Nxf6+ {[%clk 0:38:41]} Rxf6 {[%clk 0:25:45]} 26. Qxa8+
{[%clk 0:39:00]} 1-0

[Event "V4Liptov2018"]
[Site "?"]
[Date "2018.06.23"]
[Round "1.14"]
[White "Havel, Kristian"]
[Black "Holly, Andrej"]
[Result "0-1"]
[BlackElo "1924"]
[WhiteElo "1522"]
[LiveChessVersion "1.4.8"]

1. d4 {[%clk 1:00:57]} Nf6 {[%clk 1:00:53]} 2. Bf4 {[%clk 1:01:19]} g6
{[%clk 1:01:03]} 3. Nc3 {[%clk 1:01:33]} Bg7 {[%clk 1:00:34]} 4. e4
{[%clk 1:01:21]} d6 {[%clk 1:00:53]} 5. Qd2 {[%clk 1:01:25]} O-O {[%clk 1:00:10]}
6. O-O-O {[%clk 1:01:34]} c6 {[%clk 0:57:46]} 7. Be2 {[%clk 0:58:51]} b5
{[%clk 0:50:29]} 8. e5 {[%clk 0:54:38]} b4 {[%clk 0:47:03]} 9. exf6
{[%clk 0:54:43]} bxc3 {[%clk 0:47:12]} 10. Qxc3 {[%clk 0:54:42]} Bxf6
{[%clk 0:47:36]} 11. Qe3 {[%clk 0:50:21]} Be6 {[%clk 0:43:44]} 12. h4
{[%clk 0:44:02]} Bxa2 {[%clk 0:36:20]} 13. b3 {[%clk 0:39:23]} Qa5
{[%clk 0:34:46]} 14. Bg5 {[%clk 0:36:21]} Nd7 {[%clk 0:23:30]} 15. Bxf6
{[%clk 0:33:52]} Qa3+ {[%clk 0:23:17]} 16. Kd2 {[%clk 0:33:31]} Nxf6
{[%clk 0:23:27]} 17. Bf3 {[%clk 0:32:33]} e5 {[%clk 0:19:13]} 18. h5
{[%clk 0:28:20]} e4 {[%clk 0:16:39]} 19. hxg6 {[%clk 0:27:40]} fxg6
{[%clk 0:16:37]} 20. Be2 {[%clk 0:23:05]} Qb4+ {[%clk 0:13:32]} 21. Qc3
{[%clk 0:22:49]} e3+ {[%clk 0:13:29]} 22. Kd3 {[%clk 0:21:56]} Qxc3+
{[%clk 0:11:05]} 23. Kxc3 {[%clk 0:21:36]} Ne4+ {[%clk 0:11:02]} 24. Kd3
{[%clk 0:19:17]} Nxf2+ {[%clk 0:11:25]} 25. Kxe3 {[%clk 0:19:20]} Nxh1
{[%clk 0:11:01]} 26. Nf3 {[%clk 0:18:41]} Ng3 {[%clk 0:11:18]} 27. Bd3
{[%clk 0:18:19]} Rae8+ {[%clk 0:10:23]} 28. Kf2 {[%clk 0:17:11]} Ne4+
{[%clk 0:10:40]} 29. Bxe4 {[%clk 0:17:34]} Rxe4 {[%clk 0:11:09]} 30. Rd3
{[%clk 0:17:29]} Bb1 {[%clk 0:10:11]} 31. Rc3 {[%clk 0:17:50]} Rxd4
{[%clk 0:10:36]} 32. Rxc6 {[%clk 0:18:08]} Rd2+ {[%clk 0:10:40]} 33. Kg3
{[%clk 0:18:32]} Rxc2 {[%clk 0:10:59]} 34. Rxd6 {[%clk 0:18:51]} Rc3
{[%clk 0:11:16]} 35. Kg4 {[%clk 0:17:04]} Rxb3 {[%clk 0:11:18]} 0-1

[Event "V4Liptov2018"]
[Site "?"]
[Date "2018.06.23"]
[Round "1.15"]
[White "Sivcak, Matej"]
[Black "Gemsova, Tereza"]
[Result "1-0"]
[BlackElo "1578"]
[WhiteElo "1879"]
[LiveChessVersion "1.4.8"]

1. d4 {[%clk 1:00:46]} d5 {[%clk 1:00:40]} 2. e3 {[%clk 1:01:02]} e6
{[%clk 1:00:14]} 3. Bd3 {[%clk 1:01:20]} Nf6 {[%clk 0:59:55]} 4. Nd2
{[%clk 1:01:13]} b6 {[%clk 0:57:32]} 5. Ngf3 {[%clk 0:59:23]} Bb7
{[%clk 0:56:04]} 6. O-O {[%clk 0:59:09]} Nbd7 {[%clk 0:52:56]} 7. Qe2
{[%clk 0:58:02]} c5 {[%clk 0:45:43]} 8. c3 {[%clk 0:57:03]} Qc7 {[%clk 0:38:34]}
9. Re1 {[%clk 0:55:04]} O-O-O {[%clk 0:37:57]} 10. dxc5 {[%clk 0:50:29]} Bxc5
{[%clk 0:34:29]} 11. b4 {[%clk 0:49:06]} Bd6 {[%clk 0:34:00]} 12. a4
{[%clk 0:47:25]} Ne4 {[%clk 0:32:59]} 13. Bb2 {[%clk 0:43:16]} Ne5
{[%clk 0:32:12]} 14. Nxe5 {[%clk 0:22:14]} Nxd2 {[%clk 0:30:17]} 15. Nxf7
{[%clk 0:19:58]} Bxh2+ {[%clk 0:25:50]} 16. Kh1 {[%clk 0:20:27]} Qxf7
{[%clk 0:25:43]} 17. Kxh2 {[%clk 0:20:09]} Qc7+ {[%clk 0:23:14]} 18. Kg1
{[%clk 0:19:02]} Nc4 {[%clk 0:22:49]} 19. e4 {[%clk 0:16:02]} h5 {[%clk 0:21:19]}
20. exd5 {[%clk 0:15:31]} exd5 {[%clk 0:21:08]} 21. Rad1 {[%clk 0:10:25]} Rdf8
{[%clk 0:15:52]} 22. Bxc4 {[%clk 0:08:52]} dxc4 {[%clk 0:13:19]} 23. Qe6+
{[%clk 0:08:04]} Kb8 {[%clk 0:13:11]} 24. Bc1 {[%clk 0:06:47]} Rf6
{[%clk 0:07:24]} 25. Qe5 {[%clk 0:04:04]} Qxe5 {[%clk 0:06:51]} 26. Rxe5
{[%clk 0:04:32]} Rg6 {[%clk 0:06:36]} 27. g3 {[%clk 0:02:44]} h4 {[%clk 0:06:16]}
28. Bf4 {[%clk 0:02:44]} Kc8 {[%clk 0:05:45]} 29. Rd4 {[%clk 0:00:43]} Rc6
{[%clk 0:01:13]} 30. b5 {[%clk 0:00:42]} 1-0

[Event "V4Liptov2018"]
[Site "?"]
[Date "2018.06.23"]
[Round "1.16"]
[White "Andel, Vit"]
[Black "Korenova, Simona"]
[Result "0-1"]
[BlackElo "1736"]
[WhiteElo "1520"]
[LiveChessVersion "1.4.8"]

1. e4 {[%clk 1:00:55]} c5 {[%clk 1:00:53]} 2. Nf3 {[%clk 1:01:17]} d6
{[%clk 1:01:14]} 3. d4 {[%clk 1:01:27]} cxd4 {[%clk 1:01:33]} 4. Nxd4
{[%clk 1:01:46]} Nf6 {[%clk 1:01:57]} 5. Nc3 {[%clk 1:01:59]} g6 {[%clk 1:01:51]}
6. Be2 {[%clk 1:02:09]} Bg7 {[%clk 1:01:57]} 7. Be3 {[%clk 1:01:27]} O-O
{[%clk 1:01:29]} 8. f3 {[%clk 1:01:39]} Bd7 {[%clk 1:01:42]} 9. Qd2
{[%clk 1:01:56]} Nc6 {[%clk 1:01:56]} 10. g4 {[%clk 1:00:58]} Rc8
{[%clk 0:56:28]} 11. O-O-O {[%clk 1:00:06]} a6 {[%clk 0:55:33]} 12. h4
{[%clk 1:00:23]} h5 {[%clk 0:53:33]} 13. Nxc6 {[%clk 0:58:29]} Rxc6
{[%clk 0:49:54]} 14. Rdg1 {[%clk 0:57:52]} Qa5 {[%clk 0:41:41]} 15. Bh6
{[%clk 0:57:36]} Rfc8 {[%clk 0:30:10]} 16. Bxg7 {[%clk 0:56:31]} Kxg7
{[%clk 0:30:34]} 17. gxh5 {[%clk 0:55:39]} Nxh5 {[%clk 0:30:26]} 18. Rg5
{[%clk 0:55:22]} Rc5 {[%clk 0:27:06]} 19. Qd4+ {[%clk 0:53:58]} Kh7
{[%clk 0:24:14]} 20. Rhg1 {[%clk 0:53:51]} Nf4 {[%clk 0:20:53]} 21. Bd1
{[%clk 0:50:15]} Ne6 {[%clk 0:16:19]} 22. Rxc5 {[%clk 0:50:15]} Qxc5
{[%clk 0:14:55]} 23. Qxc5 {[%clk 0:50:06]} Rxc5 {[%clk 0:15:12]} 24. Nd5
{[%clk 0:50:28]} Nd4 {[%clk 0:12:58]} 25. c3 {[%clk 0:50:37]} Be6
{[%clk 0:11:31]} 26. Kb1 {[%clk 0:50:18]} Nf5 {[%clk 0:08:27]} 27. exf5
{[%clk 0:49:15]} Bxf5+ {[%clk 0:08:15]} 28. Kc1 {[%clk 0:49:12]} Rxd5
{[%clk 0:08:37]} 29. Bb3 {[%clk 0:49:35]} Rd3 {[%clk 0:08:18]} 30. Bxf7
{[%clk 0:49:39]} Rxf3 {[%clk 0:07:38]} 31. Bd5 {[%clk 0:49:13]} Rh3
{[%clk 0:06:45]} 32. Bxb7 {[%clk 0:49:25]} a5 {[%clk 0:05:14]} 33. Bd5
{[%clk 0:48:53]} Rxh4 {[%clk 0:05:08]} 34. Re1 {[%clk 0:49:08]} e5
{[%clk 0:04:50]} 35. Rd1 {[%clk 0:48:39]} g5 {[%clk 0:03:14]} 36. Bc6
{[%clk 0:48:56]} Rh6 {[%clk 0:03:14]} 37. b4 {[%clk 0:48:38]} axb4
{[%clk 0:03:20]} 38. cxb4 {[%clk 0:48:59]} Rh4 {[%clk 0:02:26]} 39. b5
{[%clk 0:48:55]} Rc4+ {[%clk 0:02:19]} 40. Kb2 {[%clk 0:48:47]} g4
{[%clk 0:01:31]} 41. Kb3 {[%clk 0:48:52]} Rf4 {[%clk 0:00:35]} 42. b6
{[%clk 0:48:38]} Be6+ {[%clk 0:00:46]} 43. Kc3 {[%clk 0:48:20]} Rc4+
{[%clk 0:01:00]} 44. Kd3 {[%clk 0:46:11]} Rxc6 {[%clk 0:01:18]} 45. a4
{[%clk 0:45:11]} Rxb6 {[%clk 0:01:41]} 46. Ke3 {[%clk 0:45:33]} Rb3+
{[%clk 0:01:47]} 47. Kf2 {[%clk 0:45:47]} d5 {[%clk 0:01:50]} 0-1